Huggly's Snow Day/ (Record no. 106255)
[ view plain ]
| 000 -LEADER | |
|---|---|
| fixed length control field | 00429nam a2200157 a 4500 |
| 005 - DATE AND TIME OF LATEST TRANSACTION | |
| control field | 20140412111427.0 |
| 008 - FIXED-LENGTH DATA ELEMENTS--GENERAL INFORMATION | |
| fixed length control field | 090709s19uu xx 00 eng d |
| 020 ## - INTERNATIONAL STANDARD BOOK NUMBER | |
| International Standard Book Number | 0-439-32447-5 |
| 050 ## - LIBRARY OF CONGRESS CALL NUMBER | |
| Classification number | TR(PS E |
| Item number | Hu86 2002 |
| 100 ## - MAIN ENTRY--PERSONAL NAME | |
| Personal name | Arnold, Tedd |
| 245 ## - TITLE STATEMENT | |
| Title | Huggly's Snow Day/ |
| Statement of responsibility, etc | Tedd Arnold. |
| 260 ## - PUBLICATION, DISTRIBUTION, ETC. (IMPRINT) | |
| Place of publication, distribution, etc | New York : |
| Name of publisher, distributor, etc | Scholastic, |
| Date of publication, distribution, etc | 2002. |
| 300 ## - PHYSICAL DESCRIPTION | |
| Extent | 1v. unp. |
| 440 ## - SERIES STATEMENT/ADDED ENTRY--TITLE | |
| Title | The Monster under the bed storybook |
| Withdrawn status | Lost status | Damaged status | Use restrictions | Home library | Current library | Shelving location | Date acquired | Source of acquisition | Cost, normal purchase price | Total Checkouts | Full call number | Barcode | Date last seen | Price effective from | Koha item type |
|---|---|---|---|---|---|---|---|---|---|---|---|---|---|---|---|
| Elizalde Library | Elizalde Library | Teachers Reference Section | 07/09/2009 | 120.00 | TR(PS E Hu86 2002 | E11495 | 04/12/2014 | 04/12/2014 | Books |